Freguesias de Santo Tirso - Statistics

Estatísticas Gerais
  • Esse quiz foi jogado 11 vezes
  • A pontuação média é 11 de 24
Estatísticas das Respostas
Número Freguesias % Correto
21 Santo Tirso
88%
4 Aves
75%
13 Monte Córdova
63%
20 Roriz
63%
1 Agrela
50%
2 Água Longa
50%
7 Carreira
50%
9 Couto (São Miguel)
50%
12 Lamelas
50%
17 Rebordões
50%
19 Reguenga
50%
5 Burgães
38%
6 Campo (São Martinho)
38%
8 Couto (Santa Cristina)
38%
10 Guimarei
38%
11 Lama
38%
15 Negrelos (São Tomé)
38%
23 Sequeirô
38%
24 Vilarinho
38%
3 Areias
25%
14 Negrelos (São Mamede)
25%
18 Refojos de Riba Ave
25%
22 São Salvador do Campo
25%
16 Palmeira
13%
Nenhum quiz correspondente encontrado
Distribuição das Pontuações
Porcentagem de Pessoas com Cada Pontuação
Percentil de Números Respondidos
Sua Pontuação Histórica
Você não jogou esse quiz